Missing Word: Spain A-Z Quiz Stats

Quiz Updated Sep 14, 2017

Challenge
Share
Tweet
Embed
Score 0/26 Timer 03:00
0 Plays Today
Hint Missing Word % Correct
Salvador ___ (D)Dalí
95.9%
Spanish civil ___ (W)War
94.2%
Don _______ (Q)Quixote
90.1%
____ Carlos I (J)Juan
89.6%
Antonio ________ (B)Banderas
89%
Red-______-Red (Y)Yellow
88.3%
____ Madrid (R)Real
86.8%
Rafael _____ (N)Nadal
84.4%
Enrique ________ (I)Iglesias
83.2%
Francisco ______ (F)Franco
77.6%
______ de Cervantes (M)Miguel
76.9%
_____ Cortés (H)Hernán
70.4%
Seafood ______ (P)Paella
66.5%
Hint Missing Word % Correct
____ Canaria (G)Gran
63.4%
____ Hernández (X)Xavi
55.3%
_______ Família (S)Sagrada
51.7%
________ in Granada (A)Alhambra
47%
Fernando ______ (T)Torres
40.1%
Castille and ____ (L)León
38%
Fiesta Nacional de ______ (E)España
37.7%
Santiago de __________ (C)Compostela
35.8%
_______ of Asturias (K)Kingdom
34.7%
José Luis Rodríguez ________ (Z)Zapatero
19.8%
Ramón del _____-Inclán (V)Valle
13%
_______ Caliphate (U)Umayyad
12.3%
Juan de _____ (O)Oñate
5.3%

Today's Daily Dose

Word Ladder
KISS Hit

On This Day
January 22nd

You're not logged in!

Compare scores with friends on all Sporcle quizzes.
Sign Up with Email
OR
Log In

You Might Also Like...

Show Comments

Extras

Top Quizzes Today


Score Distribution

Your Account Isn't Verified!

In order to create a playlist on Sporcle, you need to verify the email address you used during registration. Go to your Sporcle Settings to finish the process.